Представление документа в формате RUSMARC

ПолеНазваниеЗначение
  Тип записи a
  Библиографический уровень a
001 Контрольный номер RU/УОНБ/EK_Kray/502128299
005 Дата корректировки 20250908110703.3
100 Данные общей обработки __
a Данные общей обработки 20250908d2015 ||| 0rusy0189 ca
101 Язык документа 0_
a Язык текста rus
102 Страна публикации __
a Страна публикации RU
105 Кодированные данные (монография) __
a Кодированные данные (монография) y###||||000|y
200 Заглавие и сведения об ответственности 1_
a Заглавие "Песнь о любви над волжской далью"
e Сведения, относящиеся к заглавию Аполлон Коринфский и Сашенька Жулебина
e Сведения, относящиеся к заглавию (пьеса написана для постановки в музее-гимназии заповедника "Родина В.И. Ленина")
f Первые сведения об ответственности Ольга Шейпак
225 Серия 2_
a Серия Год литературы
330 Аннотация __
a Аннотация А. Коринфский в проекте "12 симбирских литературных апостолов".
461 Уровень набора _0
1 2001
a Симбирскъ
463 Уровень физической единицы _0
1 2000
a № 7
v С. 19-23
1 2101
d 2015
1 001RU/REG73/CBS_GRAD/4e1bdddb933b4cf7b093732eb392bb81
600 Персоналии _1
a Персоналии (Фамилия) Коринфский, Аполлон Аполлонович
600 Персоналии _1
a Персоналии (Фамилия) Жулебина, Александра
610 Ключевые слова 0_
a Ключевые слова пьесы
610 Ключевые слова 0_
a Ключевые слова проект "12 симбирских литературных апостолов"
610 Ключевые слова 0_
a Ключевые слова история любви
686 Индексы других классификаций __
a Классификационный индекс 84(2 Рос=Рус)6
2 Код системы rubbk
686 Индексы других классификаций __
2 Код системы rubbk
700 Автор _1
a Фамилия Шейпак
b Имя (инициалы) О.
g Полное личное имя Ольга
801 Источник записи _0
a Страна RU
b Организация RuCBSGrad
c Дата составления 20250908
g Правила каталогизации RCR
801 Источник записи _1
a Страна RU
b Организация RuCBSGrad
c Дата составления 20250908
g Правила каталогизации RCR
852 Данные о местонахождении __
a Наименование организации МБУК ЦБС г. Димитровграда
901 Тип документа __
t Тип документа b
w Контрольный № источника RU/REG73/CBS_GRAD/4e1bdddb933b4cf7b093732eb392bb81
909 Создатель записи __
a Создатель записи Тенигина
b Дата создания записи 20250908